000 00828cam a2200217 4500
001 ##L134562
008 060816n2006 000 0 eng u
020 _a0105427063
035 _a(Sirsi) u134562
041 0 _aeng
050 0 4 _a306.1 $2 18
245 0 0 _aHousing Corporation (Delegation) etc. Act 2006
260 _aLondon
_bTSO
_c2006
520 _aReceived Royal Assent on 19 July 2006. Makes provision about the delegation of functions by the Housing Corporation and Housing for Wales. The Act extends to England, Wales and Scotland.
590 _aIKA220806
650 2 4 _aHOUSING CORPORATION (DELEGATION) ETC ACT 2006
651 4 _aGREAT BRITAIN
690 _aResidential property
_96266
856 4 0 _uhttps://www.opsi.gov.uk/acts/acts2006a.htm
_zView the Act free of charge at www.opsi.gov.uk...
942 _n0
999 _c105730
_d105730